000 00532nam a2200181 4500
003 LK-CoMWRAF
005 20231010150510.0
008 231010b1978 |||||||| |||| 00| 0 eng d
040 _aLK-CoMWRAF
_dLK-CoMWRAF
_eLK-CoMWRAF
041 _aeng
082 _a290
_bREL
245 _aReligious dialogue and human development:
_bThe Asian scene
260 _aColombo:
_bSri Lanka Foundation Institute,
_c1978
300 _a viii, 100p.
490 _aSri Lanka Foundation Institute Pocket Book
_v02
650 _aRELIGIONS
942 _cBK
999 _c3832
_d3832